[Event "46th World Open"]
[Site "Philadelphia"]
[Date "2018.07.08"]
[Round "9"]
[White "Popilski, Gil"]
[Black "Kiewra, Keaton"]
[Result "1-0"]
[WhiteElo "2507"]
[BlackElo "2367"]
[PlyCount "55"]
[EventDate "2018.07.??"]
[EventType "swiss"]
[EventRounds "9"]
[EventCountry "USA"]

1. d4 d5 2. c4 e6 3. g3 Nf6 4. Bg2 Be7 5. Nf3 O-O 6. Nc3 c6 7. O-O b6 8. b3
Nbd7 9. Nd2 Bb7 10. e4 dxe4 11. Ndxe4 Qc8 12. Bf4 Rd8 13. Bd6 Nxe4 14. Nxe4 Bf8
15. Qh5 h6 16. c5 g6 17. Qh4 Bg7 18. Be7 Ba6 19. Nd6 Qc7 20. Bxd8 Rxd8 21. Qe7
Rf8 22. Rfd1 Bh8 23. Rac1 b5 24. d5 exd5 25. Bxd5 cxd5 26. c6 Bb2 27. cxd7 Bxc1
28. Ne8 1-0

[Event "46th World Open"]
[Site "Philadelphia"]
[Date "2018.07.08"]
[Round "9"]
[White "Lou, Yiping"]
[Black "Wang, Justin"]
[Result "0-1"]
[WhiteElo "2487"]
[BlackElo "2349"]
[PlyCount "88"]
[EventDate "2018.07.??"]
[EventType "swiss"]
[EventRounds "9"]
[EventCountry "USA"]

1. d4 Nf6 2. c4 e6 3. Nc3 Bb4 4. Qc2 O-O 5. a3 Bxc3+ 6. Qxc3 b6 7. Bg5 Bb7 8.
Nf3 d6 9. Nd2 Nbd7 10. f3 c5 11. e3 Rc8 12. Bd3 h6 13. Bh4 cxd4 14. Qxd4 Qe7
15. e4 d5 16. e5 Qc5 17. Qxc5 Nxc5 18. Be2 Nh5 19. Be7 Rfe8 20. Bxc5 Rxc5 21.
g3 dxc4 22. Nxc4 Ba6 23. Nd6 Rxe5 24. Nxe8 Rxe2+ 25. Kd1 Rxb2 26. Kc1 Rf2 27.
f4 Bd3 28. Rd1 Rc2+ 29. Kb1 Bg6 30. f5 Bxf5 31. g4 Rd2+ 32. Kc1 Rxd1+ 33. Kxd1
Bxg4+ 34. Kd2 Kf8 35. Nd6 Nf6 36. Nc8 Nd5 37. Nxa7 Ke7 38. Kd3 e5 39. Re1 f6
40. Rg1 h5 41. Kc4 Ke6 42. Kb5 Kd6 43. Re1 g5 44. a4 Bd7+ 0-1

[Event "46th World Open"]
[Site "Philadelphia"]
[Date "2018.07.08"]
[Round "9"]
[White "Nestorovic, Nikola"]
[Black "Breckenridge, Steven"]
[Result "1-0"]
[WhiteElo "2450"]
[BlackElo "2298"]
[PlyCount "94"]
[EventDate "2018.07.??"]
[EventType "swiss"]
[EventRounds "9"]
[EventCountry "USA"]

1. e4 e5 2. Nf3 Nc6 3. Bc4 Nf6 4. d3 Bc5 5. O-O O-O 6. Bb3 d6 7. c3 Be6 8. Bc2
Bb6 9. h3 d5 10. exd5 Qxd5 11. Bg5 e4 12. c4 Qc5 13. dxe4 Bxc4 14. Be3 Qb4 15.
Re1 Qxb2 16. Nbd2 Nb4 17. Rc1 Be6 18. Bxb6 cxb6 19. e5 Rac8 20. Bb3 Rxc1 21.
Qxc1 Qxc1 22. Rxc1 Nfd5 23. Ne4 Nd3 24. Rd1 N5f4 25. g3 Ne2+ 26. Kg2 Rd8 27.
Rd2 Nec1 28. Bxe6 fxe6 29. Rc2 h6 30. Rc7 Rb8 31. Nd4 Re8 32. Nd6 Rf8 33. f4
Nc5 34. f5 N1d3 35. fxe6 Ne1+ 36. Kg1 Nf3+ 37. Nxf3 Nxe6 38. Rc3 Rd8 39. Kf2
Rd7 40. Rc8+ Kh7 41. Ke3 a6 42. Ke4 b5 43. Nd4 Ng5+ 44. Kd5 Nf7 45. Ne6 Nxd6
46. exd6 Rf7 47. Nf8+ Kg8 1-0

[Event "46th World Open"]
[Site "Philadelphia"]
[Date "2018.07.08"]
[Round "9"]
[White "Jacobson, Brandon"]
[Black "Kong, Dezheng"]
[Result "1-0"]
[WhiteElo "2397"]
[BlackElo "2062"]
[PlyCount "67"]
[EventDate "2018.07.??"]
[EventType "swiss"]
[EventRounds "9"]
[EventCountry "USA"]

1. d4 Nf6 2. c4 e6 3. Nf3 d5 4. g3 Bb4+ 5. Nbd2 O-O 6. Bg2 b6 7. O-O Bb7 8. Qc2
Nbd7 9. b3 Rc8 10. Bb2 c5 11. dxc5 Bxc5 12. Ne5 Nxe5 13. Bxe5 Ng4 14. Bb2 b5
15. h3 Nh6 16. Qd3 bxc4 17. bxc4 Ba6 18. Rad1 Qg5 19. Kh2 Bxc4 20. Nxc4 dxc4
21. Qc3 Bb6 22. f4 Qg6 23. g4 f6 24. Rd6 Qe8 25. Rfd1 Nf7 26. Rd7 e5 27. Ba3
exf4 28. Bxf8 Kxf8 29. Qb4+ Bc5 30. Qb7 Ng5 31. Rxg7 Qxe2 32. Rdd7 Bg1+ 33. Kh1
Qe8 34. Rge7 1-0

[Event "46th World Open"]
[Site "Philadelphia"]
[Date "2018.07.08"]
[Round "9"]
[White "Niemann, Hans"]
[Black "Titus, Andrew"]
[Result "0-1"]
[WhiteElo "2313"]
[BlackElo "2118"]
[PlyCount "91"]
[EventDate "2018.07.??"]
[EventType "swiss"]
[EventRounds "9"]
[EventCountry "USA"]

1. e4 d5 2. exd5 Qxd5 3. Nc3 Qd8 4. d4 Nf6 5. Be2 e6 6. Nf3 Be7 7. O-O O-O 8.
Ne5 Nbd7 9. Bf3 Nb6 10. a4 Nbd5 11. Ne4 Nxe4 12. Bxe4 Nf6 13. Bf3 a5 14. c3 c6
15. Bf4 Bd7 16. Qb3 Ra7 17. Rad1 Nd5 18. Bg3 Qe8 19. Rfe1 Nf6 20. c4 Qc8 21. c5
Bd8 22. Nc4 Bc7 23. Bxc7 Qxc7 24. Nb6 Bc8 25. Be4 g6 26. Qg3 Qd8 27. h4 Ra6 28.
Nc4 Ra8 29. Bf3 Kg7 30. h5 Nd5 31. Bxd5 cxd5 32. Nb6 Ra6 33. Qe5+ f6 34. Qb8
Re8 35. Re3 g5 36. Rde1 Kf7 37. f4 gxf4 38. Qxf4 Rg8 39. Qh6 Rxb6 40. cxb6 Qxb6
41. Qxh7+ Rg7 42. Qh8 Qxb2 43. R1e2 Qb1+ 44. Kh2 Bd7 45. Qd8 Bxa4 46. Rxe6 0-1

[Event "46th World Open"]
[Site "Philadelphia"]
[Date "2018.07.08"]
[Round "9"]
[White "Turgut, Aydin"]
[Black "Andrews, Todd"]
[Result "0-1"]
[WhiteElo "2109"]
[BlackElo "2243"]
[PlyCount "91"]
[EventDate "2018.07.??"]
[EventType "swiss"]
[EventRounds "9"]
[EventCountry "USA"]

1. e4 c5 2. Nf3 d6 3. d4 cxd4 4. Nxd4 Nf6 5. Nc3 a6 6. h3 e5 7. Nde2 h5 8. g3
Nbd7 9. a4 Be7 10. Bg2 O-O 11. Be3 b6 12. O-O Bb7 13. Nd5 Nxd5 14. exd5 g6 15.
f4 Bf6 16. f5 Bg5 17. Qd2 Bxe3+ 18. Qxe3 Kg7 19. Nc3 Nf6 20. Rf2 Bc8 21. Raf1
Ra7 22. Ne4 Nxe4 23. f6+ Nxf6 24. Rxf6 Qxf6 25. Rxf6 Kxf6 26. Qxb6 Rd7 27. c4
Kg7 28. b4 Re8 29. Kf2 e4 30. Ke3 g5 31. b5 f5 32. bxa6 f4+ 33. gxf4 gxf4+ 34.
Kxf4 e3 35. a7 Rf7+ 36. Kg3 Bb7 37. Bf3 Kh8 38. Bxh5 Rg8+ 39. Bg4 Re8 40. Qb2+
Kh7 41. Be6 Rg8+ 42. Kh2 Rf2+ 43. Qxf2 exf2 44. Bxg8+ Kxg8 45. Kg2 Kf7 46. Kxf2
0-1

[Event "46th World Open"]
[Site "Philadelphia"]
[Date "2018.07.08"]
[Round "9"]
[White "Homa, Seth"]
[Black "Lux, Hugo de Melo"]
[Result "1/2-1/2"]
[WhiteElo "2239"]
[BlackElo "2154"]
[PlyCount "87"]
[EventDate "2018.07.??"]
[EventType "swiss"]
[EventRounds "9"]
[EventCountry "USA"]

1. c4 e5 2. Nc3 d6 3. e3 g6 4. d4 Nd7 5. Nf3 Bg7 6. Be2 Ne7 7. O-O O-O 8. Qc2
f5 9. Rd1 e4 10. Nd2 c6 11. Rb1 Qe8 12. b4 Qf7 13. Nb3 b6 14. a4 Bb7 15. a5
Rac8 16. axb6 axb6 17. c5 bxc5 18. bxc5 d5 19. Na5 Ba8 20. Na4 g5 21. Nb6 Rc7
22. f3 Nf6 23. fxe4 Nxe4 24. Bd3 Ra7 25. Nb3 Bb7 26. Ra1 Rxa1 27. Nxa1 Qe6 28.
Nb3 g4 29. Na5 Bc8 30. Bxe4 fxe4 31. Qe2 h5 32. Rf1 Nf5 33. Bd2 Bh6 34. Ra1 Bd7
35. Nb3 Be8 36. Rf1 Bg5 37. Na1 Bd8 38. Nc2 Bc7 39. g3 Nh6 40. Rxf8+ Kxf8 41.
Qa6 Nf7 42. Qc8 Qxc8 43. Nxc8 Ng5 44. Ne1 1/2-1/2

[Event "46th World Open"]
[Site "Philadelphia"]
[Date "2018.07.08"]
[Round "9"]
[White "Acor, Corey"]
[Black "Miladinovic, Lena"]
[Result "1-0"]
[WhiteElo "2269"]
[BlackElo "2120"]
[PlyCount "85"]
[EventDate "2018.07.??"]
[EventType "swiss"]
[EventRounds "9"]
[EventCountry "USA"]

1. e4 c5 2. Nc3 Nc6 3. g3 g6 4. Bg2 Bg7 5. d3 d6 6. Be3 Nd4 7. Qd2 Qa5 8. f4
Nh6 9. Nf3 Ng4 10. Bg1 f5 11. h3 Nh6 12. Be3 Bd7 13. O-O e6 14. Qf2 Nxf3+ 15.
Bxf3 Qb4 16. Rab1 Bc6 17. Bg2 Bd4 18. Nd1 Bxe3 19. Nxe3 fxe4 20. dxe4 Bxe4 21.
a3 Qa4 22. b3 Qc6 23. Bxe4 Qxe4 24. Rbe1 O-O-O 25. Ng4 Nxg4 26. hxg4 Qd5 27. c4
Qc6 28. Rxe6 h5 29. g5 Rhe8 30. Rfe1 Rxe6 31. Rxe6 Re8 32. Rxg6 h4 33. gxh4 Re4
34. h5 Qe8 35. Qf3 Re3 36. Rg8 Rxf3 37. Rxe8+ Kd7 38. Re4 Rxb3 39. g6 Rh3 40.
Kg2 Rh4 41. Kg3 Rxh5 42. g7 Rh1 43. Kg2 1-0

[Event "46th World Open"]
[Site "Philadelphia"]
[Date "2018.07.08"]
[Round "9"]
[White "Wu, Rochelle"]
[Black "Kretchetov, Alexandre"]
[Result "1/2-1/2"]
[WhiteElo "2110"]
[BlackElo "2242"]
[PlyCount "32"]
[EventDate "2018.07.??"]
[EventType "swiss"]
[EventRounds "9"]
[EventCountry "USA"]

1. e4 c6 2. d4 g6 3. c4 Bg7 4. Nc3 d6 5. Nf3 Bg4 6. Be2 Nd7 7. Be3 e6 8. O-O
Ne7 9. Qd2 O-O 10. Bh6 Bxf3 11. Bxf3 Qb6 12. Bg5 Rfe8 13. Rad1 Rad8 14. Be2 c5
15. Be3 Nc6 16. dxc5 dxc5 1/2-1/2

[Event "46th World Open"]
[Site "Philadelphia"]
[Date "2018.07.08"]
[Round "9"]
[White "Cooke, Eric"]
[Black "Kumar, Naman"]
[Result "1/2-1/2"]
[WhiteElo "2098"]
[BlackElo "2031"]
[PlyCount "72"]
[EventDate "2018.07.??"]
[EventType "swiss"]
[EventRounds "9"]
[EventCountry "USA"]

1. e4 c5 2. Nf3 d6 3. d4 cxd4 4. Nxd4 Nf6 5. Nc3 a6 6. Bg5 Nbd7 7. f4 g6 8. Qd2
Bg7 9. O-O-O Qc7 10. f5 O-O 11. fxg6 hxg6 12. h4 b5 13. h5 b4 14. Nd5 Nxd5 15.
exd5 Bxd4 16. Qxd4 Ne5 17. Bd3 Nxd3+ 18. Rxd3 Bf5 19. hxg6 f6 20. g7 Rfc8 21.
c3 Qc4 22. Rh8+ Kxg7 23. Bxf6+ Kf7 24. Qxc4 Rxc4 25. Rxa8 Bxd3 26. Bd4 bxc3 27.
Bxc3 Rg4 28. Kd2 Bb5 29. Ke3 Rxg2 30. Kd4 Rg4+ 31. Ke3 Rg5 32. Kd4 Rg4+ 33. Ke3
Rg3+ 34. Kd4 Rd3+ 35. Ke4 Rd1 36. Bd4 Re1+ 1/2-1/2

[Event "46th World Open"]
[Site "Philadelphia"]
[Date "2018.07.08"]
[Round "9"]
[White "Indusekar, Akshay"]
[Black "Mahajan, Rushaan"]
[Result "1/2-1/2"]
[WhiteElo "2063"]
[BlackElo "1905"]
[PlyCount "57"]
[EventDate "2018.07.??"]
[EventType "swiss"]
[EventRounds "9"]
[EventCountry "USA"]

1. Nf3 d5 2. c4 c6 3. g3 Nf6 4. Bg2 Bf5 5. O-O e6 6. cxd5 cxd5 7. Qb3 Qb6 8.
Qxb6 axb6 9. Nc3 Be7 10. d3 Nc6 11. Bf4 O-O 12. Ne5 Nh5 13. e4 Nxf4 14. gxf4
Nxe5 15. fxe5 dxe4 16. Bxe4 Bxe4 17. dxe4 Rfd8 18. Rfd1 Bc5 19. Kg2 Bd4 20. f4
g5 21. fxg5 Bxc3 22. Rxd8+ Rxd8 23. bxc3 Rd2+ 24. Kg3 Rd3+ 25. Kf4 Rxc3 26. h4
Rh3 27. Kg4 Re3 28. Kf4 Rh3 29. Kg4 1/2-1/2